TV Shows With Turkeys Quiz Stats

 Plays Quiz Updated Nov 30, 2018

Support Sporcle.
Go Orange.
Score 0/20 Timer 06:00
2 Plays Today
% Correct
How I Met Your Mother
95.7%
Seinfeld
92.1%
Everybody Loves Raymond
91.3%
Modern Family
86.2%
The Brady Bunch
85.4%
Roseanne
85.3%
That '70s Show
83.4%
The King of Queens
82.5%
The Munsters
81.8%
Full House
81.7%
% Correct
Will & Grace
79.2%
Mike & Molly
75.9%
New Girl
74.7%
Diff'rent Strokes
71.9%
Sanford and Son
70%
Desperate Housewives
65.5%
The Bob Newhart Show
59.2%
The Waltons
57.3%
Archie Bunker's Place
50.5%
Mad Men
44.1%

From the Vault

Doubly Landlocked Countries

by SuperHans

Ain't no party like a landlocked party.
Remove Ads.
Support Sporcle.
Get the best of Sporcle when you Go Orange. This ad-free experience offers more features, more stats, and more fun while also helping to support Sporcle. Thank you for becoming a member.

Show Comments

Extras

Top Quizzes Today


Score Distribution

Your Account Isn't Verified!

In order to create a playlist on Sporcle, you need to verify the email address you used during registration. Go to your Sporcle Settings to finish the process.

Report this User

Report this user for behavior that violates our Community Guidelines.

Details: